| 000 | 00509nam a2200181Ia 4500 | ||
|---|---|---|---|
| 001 | 20490 | ||
| 005 | 20260306172810.0 | ||
| 008 | 260306t2013||||xx |||||||||||||| ||spa|| | ||
| 041 | _aESP | ||
| 082 |
_a343.331 _bM61 |
||
| 100 |
_aMinisterio de Justicia y Derechos Humanos _eAUT |
||
| 245 | 0 | _aGuía de técnica legislativa para elaboración de proyectos normativos de las entidades del Poder Ejecutivo | |
| 260 | _c2013 | ||
| 300 |
_a _c |
||
| 650 | _aGEN | ||
| 654 | _aCDE | ||
| 942 |
_cLIB _dJUS _fJUS _2ddc _n |
||
| 999 |
_c20490 _d20490 |
||